| 000 | 01093nam a22003257a 4500 | ||
|---|---|---|---|
| 003 | CHAP | ||
| 005 | 20220329134325.0 | ||
| 008 | 971013s1981 r 00010 d | ||
| 010 | _a18754 | ||
| 011 | _a19726 | ||
| 035 | _a23811 | ||
| 040 | _cCHAP | ||
| 090 | _aTesis | ||
| 100 | 0 | 0 |
_aDewey Saavedra Castilla, Antonio. _932334 |
| 245 | _aRespuesta del manzano Malus silvestris Mill a la aplicación de boro, en la Dierra de Arteaga, Coah. | ||
| 260 |
_aMonterrey, N.L. : _bEl Autor, _c1981 |
||
| 300 | _a41 h. | ||
| 502 | _aTesis (Ing. Agr. en Producción) -- ITESM. Div. de Ciencias Agropecuarias y Marítimas | ||
| 590 |
_aALEPH _b10 _c20130110 _lUCH01 _h1241 |
||
| 590 |
_aBATCH-UPD _b10 _c20130110 _lUCH01 _h0109 |
||
| 590 |
_aBATCH-UPD _b10 _c20130110 _lUCH01 _h2157 |
||
| 590 |
_aCONVERSION _b10 _c20130109 _lUCH01 _h1311 |
||
| 650 | 1 | 4 |
_aBoro en plantas. _913926 |
| 650 | 1 | 4 |
_aBoro _xEfecto en manzana. _913919 |
| 650 | 1 | 4 |
_aManzana _xCoahuila. _970748 |
| 650 | 1 | 4 |
_aManzana _xElementos minerales. _970761 |
| 901 | _aBK | ||
| 942 | _cTESIS | ||
| 949 |
_bBC _cTES _d-55231 _eTS1 _i23811 _si |
||
| 999 |
_c18754 _d18754 |
||